[Event "Campeonato de Aragon por Equipos 2025 - "]
[Site "?"]
[Date "2025.02.22"]
[Round "5.10"]
[White "Fontana Sotomayor, Luis Javier"]
[Black "Portero Garnica, Miguel Angel"]
[Result "1-0"]
[WhiteElo "2164"]
[BlackElo "2022"]
[PlyCount "91"]
[GameId "2148900718625149"]
[EventDate "2025.01.25"]
[WhiteTeam "Jaime Casas"]
[BlackTeam "Marcos Frechin B"]

1. e4 e5 2. Nc3 Nf6 3. Nf3 Nc6 4. a3 Be7 5. d4 exd4 6. Nxd4 Bc5 7. Nxc6 bxc6 8. e5 Qe7 9. Qe2 Nd5 10. Ne4 Bd4 11. f4 f5 12. Ng3 d6 13. c3 Bc5 14. c4 Nb6 15. Be3 Bxe3 16. Qxe3 O-O 17. O-O-O Be6 18. exd6 cxd6 19. Be2 Rab8 20. Rhe1 Qd7 21. Qd4 c5 22. Qxd6 Qxd6 23. Rxd6 Bd7 24. b3 g6 25. Red1 Rf7 26. Bf3 Re7 27. Ne2 Be8 28. Rd8 Rxd8 29. Rxd8 Kf7 30. Kd2 Bd7 31. Nc3 Ke6 32. Nd5 Nxd5 33. Bxd5+ Kd6 34. b4 Re8 35. Rxe8 Bxe8 36. Kc3 h6 37. h4 h5 38. g3 a5 39. bxc5+ Kxc5 40. Bg8 a4 41. Be6 Bc6 42. Bf7 Bf3 43. Bxg6 Be2 44. Bxf5 Bxc4 45. Bd7 Bb3 46. Be8 1-0

[Event "Campeonato de Aragon por Equipos 2025 - "]
[Site "?"]
[Date "2025.02.22"]
[Round "5.11"]
[White "Sanz Pueyo, Adrian"]
[Black "Roque Sola, Jose Luis"]
[Result "1/2-1/2"]
[WhiteElo "2009"]
[BlackElo "2129"]
[PlyCount "71"]
[GameId "2148900718662014"]
[EventDate "2025.01.25"]
[WhiteTeam "Marcos Frechin B"]
[BlackTeam "Jaime Casas"]

1. e4 e5 2. Nf3 Nc6 3. d4 exd4 4. Nxd4 Nf6 5. Nc3 Bb4 6. Nxc6 bxc6 7. Bd3 O-O 8. O-O d5 9. exd5 cxd5 10. Bg5 c6 11. Qf3 Re8 12. Bxf6 Qxf6 13. Qxf6 gxf6 14. Ne2 Be6 15. Ng3 Rab8 16. Rac1 Bd6 17. b3 Rb4 18. h3 c5 19. c3 Rh4 20. Nf5 Bxf5 21. Bxf5 Re5 22. Bg4 f5 23. f4 Re3 24. Bxf5 Rxf4 25. Rxf4 Bxf4 26. Rd1 Bg3 27. Bd3 Be1 28. Bf1 Re5 29. Rd3 h5 30. g3 h4 31. gxh4 Bxh4 32. Bg2 Re1+ 33. Bf1 Re5 34. Bg2 Re1+ 35. Bf1 Re5 36. Bg2 1/2-1/2

[Event "Campeonato de Aragon por Equipos 2025 - "]
[Site "?"]
[Date "2025.02.22"]
[Round "5.12"]
[White "Gimenez Martinez, Alberto"]
[Black "Jario Dominguez, Diego"]
[Result "1-0"]
[WhiteElo "2117"]
[BlackElo "1907"]
[PlyCount "67"]
[GameId "2148900718797183"]
[EventDate "2025.01.25"]
[WhiteTeam "Jaime Casas"]
[BlackTeam "Marcos Frechin B"]

1. e4 c5 2. Nf3 Nc6 3. d4 cxd4 4. Nxd4 g6 5. Nc3 Bg7 6. Be3 Nf6 7. Bc4 Qa5 8. O-O O-O 9. Bb3 d6 10. f3 Bd7 11. Qd2 Rfc8 12. Rad1 Nxd4 13. Bxd4 Bc6 14. Rf2 Nd7 15. Nd5 Qd8 16. Qg5 Bxd4 17. Rxd4 Bxd5 18. Qxd5 Qe8 19. Qxb7 Nc5 20. Qd5 Nxb3 21. Qxb3 Rab8 22. Rb4 Rxb4 23. Qxb4 Rb8 24. Qd4 Qb5 25. c3 Qa5 26. b3 Rc8 27. Rc2 e5 28. Qxd6 Rxc3 29. b4 Qb5 30. Rxc3 Qe2 31. Qb8+ Kg7 32. Qxe5+ f6 33. Rc7+ Kh6 34. Qf4+ 1-0

[Event "Campeonato de Aragon por Equipos 2025 - "]
[Site "?"]
[Date "2025.02.22"]
[Round "5.13"]
[White "Moreno Gracia, Daniel"]
[Black "Llanes Luno, Ricardo"]
[Result "1-0"]
[WhiteElo "2277"]
[BlackElo "2170"]
[PlyCount "52"]
[GameId "2148900718834048"]
[EventDate "2025.01.25"]
[WhiteTeam "Iberajedrez Mundo 64"]
[BlackTeam "ONCE CA Aragon Delicias"]

1. c4 e5 2. Nc3 Nc6 3. g3 f5 4. Bg2 Nf6 5. d3 Bc5 6. e3 d6 7. Nf3 O-O 8. O-O a6 9. a3 Ba7 10. b4 Qe8 11. b5 axb5 12. Nxb5 Bb6 13. d4 Na5 14. Rb1 Nxc4 15. dxe5 dxe5 16. Qb3 Be6 17. Ng5 Nd2 18. Qxe6+ Qxe6 19. Nxe6 Nxb1 20. Nxf8 Kxf8 21. Bxb7 Ra5 22. Bc6 Ne4 23. Bb2 Nbd2 24. Rc1 Nb3 25. Rd1 Nbd2 26. Rc1 Nc4 1-0

[Event "Campeonato de Aragon por Equipos 2025 - "]
[Site "?"]
[Date "2025.02.22"]
[Round "5.14"]
[White "Gavin Roche, Enrique"]
[Black "Lopez Gracia, Fernando"]
[Result "1/2-1/2"]
[WhiteElo "2145"]
[BlackElo "2247"]
[PlyCount "35"]
[GameId "2148900718875009"]
[EventDate "2025.01.25"]
[WhiteTeam "ONCE CA Aragon Delicias"]
[BlackTeam "Iberajedrez Mundo 64"]

1. d4 Nf6 2. c4 e6 3. Nc3 Bb4 4. Bd2 Bxc3 5. Bxc3 Ne4 6. Qc2 Nxc3 7. Qxc3 O-O 8. Nf3 b6 9. g3 Bb7 10. Bg2 d6 11. O-O Nd7 12. b4 c5 13. Rfd1 Qe7 14. dxc5 dxc5 15. b5 Rfd8 16. a4 a5 17. Ra2 Nf6 18. Rad2 1/2-1/2

[Event "Campeonato de Aragon por Equipos 2025 - "]
[Site "?"]
[Date "2025.02.22"]
[Round "5.15"]
[White "Villalba Embid, Marcos"]
[Black "Lamas Mercadal, Manuel"]
[Result "0-1"]
[WhiteElo "2192"]
[BlackElo "2105"]
[PlyCount "82"]
[GameId "2148900718920066"]
[EventDate "2025.01.25"]
[WhiteTeam "Iberajedrez Mundo 64"]
[BlackTeam "ONCE CA Aragon Delicias"]

1. c4 Nf6 2. Nc3 g6 3. g3 Bg7 4. Bg2 O-O 5. Nf3 d6 6. O-O e5 7. d3 a5 8. Rb1 h6 9. a3 Re8 10. b4 axb4 11. axb4 e4 12. Nd4 exd3 13. Qxd3 Nbd7 14. f4 c6 15. e4 Nc5 16. bxc5 dxc5 17. e5 Bf5 18. Qd1 cxd4 19. exf6 Qxf6 20. g4 dxc3 21. gxf5 Ra2 22. Qf3 Ree2 23. Be3 Rxg2+ 24. Qxg2 Rxg2+ 25. Kxg2 Qxf5 26. Rbd1 Qe4+ 27. Kf2 Qxc4 28. f5 Qh4+ 29. Ke2 Qxh2+ 30. Kd3 Qe5 31. fxg6 fxg6 32. Rf2 b5 33. Ra1 Qd5+ 34. Ke2 c2 35. Rc1 Qc4+ 36. Kf3 Qd5+ 37. Ke2 Qb3 38. Rff1 b4 39. Kd2 Qc3+ 40. Ke2 b3 41. Bd2 Qc4+ 0-1

[Event "Campeonato de Aragon por Equipos 2025 - "]
[Site "?"]
[Date "2025.02.22"]
[Round "5.16"]
[White "Laliena Solanes, Luis"]
[Black "Garcia Acin, Pablo"]
[Result "1/2-1/2"]
[WhiteElo "2096"]
[BlackElo "2069"]
[PlyCount "63"]
[GameId "2148900718956931"]
[EventDate "2025.01.25"]
[WhiteTeam "ONCE CA Aragon Delicias"]
[BlackTeam "Iberajedrez Mundo 64"]

1. e4 c5 2. Nf3 d6 3. c3 Nf6 4. h3 a6 5. Bd3 Nbd7 6. Bc2 b5 7. O-O e6 8. d4 Bb7 9. Re1 Be7 10. Bf4 Qc7 11. a4 e5 12. Bg5 O-O 13. Nbd2 Rfc8 14. dxe5 dxe5 15. c4 Bc6 16. Nf1 Bf8 17. Ne3 Rab8 18. axb5 axb5 19. b3 Nxe4 20. cxb5 Rxb5 21. Nd5 Bxd5 22. Qxd5 Nef6 23. Bxf6 Nxf6 24. Qxe5 Bd6 25. Qf5 Rcb8 26. Qd3 Rb4 27. Rad1 Rd8 28. Qa6 Rb6 29. Qc4 Rb4 30. Qa6 Rb6 31. Qc4 Rb4 32. Qa6 1/2-1/2

[Event "Campeonato de Aragon por Equipos 2025 - "]
[Site "?"]
[Date "2025.02.22"]
[Round "5.17"]
[White "Chueca Forcen, Alberto"]
[Black "Hinojar Basa, Alfonso"]
[Result "1-0"]
[WhiteElo "2270"]
[BlackElo "2197"]
[PlyCount "79"]
[GameId "2148900718993796"]
[EventDate "2025.01.25"]
[WhiteTeam "Teruel"]
[BlackTeam "Marcos Frechin A"]

1. c4 c5 2. Nc3 Nc6 3. Nf3 Nf6 4. e3 e6 5. d4 cxd4 6. exd4 d5 7. Bd3 Be7 8. O-O dxc4 9. Bxc4 O-O 10. Re1 Re8 11. Bf4 Nd5 12. Bg3 a6 13. Rc1 Nxc3 14. bxc3 b5 15. Bd3 Bb7 16. a4 b4 17. c4 Bf6 18. d5 exd5 19. Rxe8+ Qxe8 20. cxd5 Ne5 21. Nxe5 Bxe5 22. Qh5 f5 23. Qxf5 Bxg3 24. Qxh7+ Kf8 25. hxg3 Rc8 26. Qh8+ Kf7 27. Rc7+ Rxc7 28. Bg6+ Kxg6 29. Qxe8+ Kh7 30. d6 Rc1+ 31. Kh2 Bc6 32. d7 Rc5 33. d8=Q Bxe8 34. Qxe8 a5 35. g4 b3 36. Qe4+ Kh8 37. Qb7 Rc4 38. Qb8+ Kh7 39. Qxb3 Rxg4 40. Qh3+ 1-0

[Event "Campeonato de Aragon por Equipos 2025 - "]
[Site "?"]
[Date "2025.02.22"]
[Round "5.18"]
[White "Atares Buisan, Sergio"]
[Black "Cabrera Moreno, Daniel"]
[Result "1/2-1/2"]
[WhiteElo "2107"]
[BlackElo "2132"]
[PlyCount "114"]
[GameId "2148900719034757"]
[EventDate "2025.01.25"]
[WhiteTeam "Marcos Frechin A"]
[BlackTeam "Teruel"]

1. c4 c6 2. e4 d5 3. cxd5 cxd5 4. exd5 Nf6 5. Nc3 Nxd5 6. Qb3 e6 7. Nf3 Nc6 8. Bb5 Be7 9. O-O O-O 10. d4 Nxc3 11. bxc3 Bd7 12. Be2 b6 13. Ba3 Rc8 14. Rac1 Na5 15. Qb2 Nc4 16. Bxc4 Rxc4 17. Bxe7 Qxe7 18. Ne5 Rc7 19. c4 Rfc8 20. Qb3 Be8 21. Rfe1 Qd6 22. Rcd1 f6 23. c5 Qd5 24. Nc4 Bc6 25. Ne3 Qxb3 26. axb3 bxc5 27. dxc5 Rb8 28. Rd3 Rb5 29. Rc1 h5 30. f3 Bb7 31. Rdc3 Bd5 32. Nxd5 exd5 33. Kf2 d4 34. Rc4 Rxb3 35. Rxd4 Rb5 36. Rdc4 Kf7 37. Ke3 Ke6 38. Kd4 Rd7+ 39. Ke4 Rc7 40. h4 g6 41. g4 a5 42. gxh5 gxh5 43. R1c2 a4 44. c6 Rb6 45. Rxa4 Rbxc6 46. Re2 Kf7 47. Rd2 Rc4+ 48. Rd4 Rxa4 49. Rxa4 Kg6 50. Kf4 Rc1 51. Ra8 Rc4+ 52. Kg3 Rb4 53. Rg8+ Kf7 54. Rc8 Ra4 55. Rc3 Rb4 56. Re3 Kg6 57. Re8 Ra4 1/2-1/2

[Event "Campeonato de Aragon por Equipos 2025 - "]
[Site "?"]
[Date "2025.02.22"]
[Round "5.19"]
[White "Dominguez Bujeda, Jesus"]
[Black "Perez Tomas, Juan Manuel"]
[Result "1-0"]
[WhiteElo "2059"]
[BlackElo "1959"]
[PlyCount "59"]
[GameId "2148900719128966"]
[EventDate "2025.01.25"]
[WhiteTeam "Teruel"]
[BlackTeam "Marcos Frechin A"]

1. c4 e6 2. d4 d5 3. Nc3 a6 4. cxd5 exd5 5. Bf4 Nf6 6. e3 Bd6 7. Bg5 c6 8. Bd3 Be6 9. Nge2 h6 10. Bh4 Nbd7 11. Rc1 O-O 12. Bb1 Qc7 13. Bg3 Rfe8 14. Qd3 Nf8 15. O-O Ng6 16. f3 Rad8 17. Qd2 Bxg3 18. Nxg3 Bc8 19. Qf2 Qd6 20. Rcd1 h5 21. e4 h4 22. Nge2 dxe4 23. fxe4 Ng4 24. Qxf7+ Kh8 25. e5 N6xe5 26. Qh5+ Nh6 27. dxe5 Qc5+ 28. Kh1 h3 29. Qg6 hxg2+ 30. Kxg2 1-0

[Event "Campeonato de Aragon por Equipos 2025 - "]
[Site "?"]
[Date "2025.02.22"]
[Round "5.20"]
[White "Moya Gimeno, Raul"]
[Black "Gomez Calomarde, Saul"]
[Result "1-0"]
[WhiteElo "1958"]
[BlackElo "2075"]
[PlyCount "104"]
[GameId "2148900719161735"]
[EventDate "2025.01.25"]
[WhiteTeam "Marcos Frechin A"]
[BlackTeam "Teruel"]

1. e4 e6 2. d3 d5 3. Nd2 c5 4. Ngf3 Nf6 5. g3 g6 6. Bg2 Bg7 7. O-O O-O 8. Re1 Nc6 9. c3 a5 10. Qc2 a4 11. Rb1 b5 12. Nf1 Qb6 13. a3 Ba6 14. Bf4 Rfc8 15. Qd2 dxe4 16. dxe4 Rd8 17. Qc1 b4 18. Bh6 Bh8 19. e5 Nd7 20. Qf4 Ra7 21. Bg5 Rf8 22. Bf6 Nxf6 23. exf6 Qd8 24. N3d2 e5 25. Qe3 Qxf6 26. Qxc5 Rc7 27. Qb6 Bxf1 28. Qxc7 Bxg2 29. Kxg2 bxc3 30. bxc3 Ne7 31. Rb6 Nd5 32. Rxf6 Nxc7 33. Rc6 Nb5 34. c4 Nxa3 35. Ra1 Nc2 36. Rxa4 f5 37. Ra7 e4 38. Rcc7 Bd4 39. Rab7 e3 40. fxe3 Nxe3+ 41. Kf3 Ng4 42. Rxh7 Ne5+ 43. Kg2 Nf7 44. Rh4 Rd8 45. Nb3 Be3 46. c5 Ne5 47. Ra4 Bg5 48. h4 Bf6 49. Ra6 Ng4 50. c6 Re8 51. Ra2 Ne3+ 52. Kf3 Nd5 1-0

[Event "Campeonato de Aragon por Equipos 2025 - "]
[Site "?"]
[Date "2025.02.22"]
[Round "5.21"]
[White "Romero Pallares, Daniel"]
[Black "Cifuentes Parada, Roberto"]
[Result "1/2-1/2"]
[WhiteElo "2252"]
[BlackElo "2369"]
[PlyCount "69"]
[GameId "2148900719198600"]
[EventDate "2025.01.25"]
[WhiteTeam "Palacio De Pioneros"]
[BlackTeam "Jaque - Aramovil"]

1. e4 c5 2. Nf3 d6 3. Bb5+ Bd7 4. Bxd7+ Qxd7 5. O-O Nc6 6. c3 Nf6 7. Re1 e6 8. d4 cxd4 9. cxd4 d5 10. e5 Ne4 11. a3 Be7 12. Nbd2 Nxd2 13. Bxd2 a5 14. Rc1 O-O 15. h4 a4 16. Bc3 b5 17. Qd3 h6 18. g4 b4 19. axb4 Nxb4 20. Bxb4 Bxb4 21. Re3 Rfc8 22. Rxc8+ Qxc8 23. g5 Qc4 24. Qd1 a3 25. bxa3 Rxa3 26. gxh6 gxh6 27. Nh2 Rxe3 28. Qg4+ Kh7 29. fxe3 Qd3 30. Qf3 Qg6+ 31. Kf2 h5 32. Qf4 Qc2+ 33. Kg1 Qg6+ 34. Kf2 Qc2+ 35. Kg1 1/2-1/2

[Event "Campeonato de Aragon por Equipos 2025 - "]
[Site "?"]
[Date "2025.02.22"]
[Round "5.22"]
[White "Lana Rodriguez, David"]
[Black "Palacios Herrero, Pablo"]
[Result "0-1"]
[WhiteElo "2352"]
[BlackElo "2203"]
[PlyCount "82"]
[GameId "2148900719235465"]
[EventDate "2025.01.25"]
[WhiteTeam "Jaque - Aramovil"]
[BlackTeam "Palacio De Pioneros"]

1. e4 e6 2. d4 d5 3. exd5 exd5 4. Nf3 Nf6 5. c4 Bb4+ 6. Nc3 O-O 7. cxd5 Re8+ 8. Be2 Qe7 9. Bg5 Nbd7 10. Kf1 Nb6 11. Bxf6 Qxf6 12. Qb3 Bd6 13. Bd3 Bg4 14. Ne4 Qf4 15. Nfg5 Bd7 16. g3 Qg4 17. h3 Qh5 18. Kg2 Ba4 19. Qc3 Nxd5 20. Qc1 Bc6 21. f3 Bf4 22. gxf4 Qh4 23. Bc4 h6 24. Nxf7 Kxf7 25. Bxd5+ Bxd5 26. Qxc7+ Kg8 27. Qa5 Rad8 28. Rhe1 Re6 29. f5 Rxe4 30. Rxe4 Bxe4 31. fxe4 Qxe4+ 32. Kh2 Qf4+ 33. Kh1 Qf3+ 34. Kg1 Qg3+ 35. Kf1 Qxh3+ 36. Kf2 Qh4+ 37. Kf3 Rxd4 38. Qe5 Qh3+ 39. Kf2 Rd2+ 40. Ke1 Rg2 41. Qe6+ Kh7 0-1

[Event "Campeonato de Aragon por Equipos 2025 - "]
[Site "?"]
[Date "2025.02.22"]
[Round "5.23"]
[White "Lacruz Algarate, Alvaro"]
[Black "Escartin Lacasa, Jose"]
[Result "0-1"]
[WhiteElo "2109"]
[BlackElo "2296"]
[PlyCount "56"]
[GameId "2148900719272330"]
[EventDate "2025.01.25"]
[WhiteTeam "Palacio De Pioneros"]
[BlackTeam "Jaque - Aramovil"]

1. e4 c5 2. Nf3 Nc6 3. Bb5 e6 4. Bxc6 bxc6 5. O-O Ne7 6. d3 Ng6 7. Nc3 Be7 8. Na4 e5 9. Be3 d6 10. c3 O-O 11. d4 f6 12. Qc2 Be6 13. dxc5 d5 14. b4 f5 15. exf5 Rxf5 16. Nd2 Bg5 17. Rfe1 Qf6 18. Nf1 Bxe3 19. fxe3 Qg5 20. Ng3 Rf7 21. Qe2 Bg4 22. Qd2 h5 23. Rf1 Rxf1+ 24. Nxf1 Rf8 25. Nb2 h4 26. Nd3 e4 27. Ne1 Ne5 28. g3 Bh3 0-1

[Event "Campeonato de Aragon por Equipos 2025 - "]
[Site "?"]
[Date "2025.02.22"]
[Round "5.24"]
[White "Ereza Vizcarra, Fernando"]
[Black "Climente Martinez, Jose Luis"]
[Result "0-1"]
[WhiteElo "2120"]
[BlackElo "2021"]
[PlyCount "130"]
[GameId "2148900719309195"]
[EventDate "2025.01.25"]
[WhiteTeam "Jaque - Aramovil"]
[BlackTeam "Palacio De Pioneros"]

1. d4 Nf6 2. Nf3 d5 3. g3 Bf5 4. Bg2 e6 5. O-O Nbd7 6. c4 c6 7. Nc3 h6 8. Nd2 Be7 9. e4 dxe4 10. Ndxe4 Nxe4 11. Nxe4 Nf6 12. Nc3 O-O 13. Be3 Qc7 14. h3 Rad8 15. Qe2 Rfe8 16. Rfd1 Bb4 17. Rac1 Qa5 18. a3 Bxc3 19. Rxc3 e5 20. d5 cxd5 21. cxd5 Ne4 22. Bxe4 Bxe4 23. d6 Bc6 24. Bc5 Rd7 25. Qe3 Re6 26. Rd2 Qd8 27. Bb4 a5 28. Bc5 Qf6 29. b4 Qf5 30. Kh2 Qb1 31. f3 Rf6 32. Qe2 Qf5 33. Qe3 Bxf3 34. Rf2 e4 35. bxa5 Qd5 36. Bb4 Qd1 37. Rc1 Qd5 38. Qc5 Rfxd6 39. Qxd5 Rxd5 40. g4 h5 41. Kg3 hxg4 42. h4 Kh7 43. Kf4 Kg6 44. Rc5 Rxc5 45. Bxc5 Rd5 46. Bb6 Rf5+ 47. Kg3 Re5 48. Kf4 f6 49. Bd4 Rxa5 50. Rb2 Rxa3 51. Rxb7 e3 52. Re7 e2 53. Bf2 Ra4+ 54. Kg3 f5 55. Be1 Kf6 56. Rc7 f4+ 57. Kf2 Ra3 58. Rc3 Rxc3 59. Bxc3+ Kf5 60. Bxg7 Ke4 61. Bf8 g3+ 62. Ke1 Kd5 63. Bb4 Bg4 64. Ba5 f3 65. Bd2 f2# 0-1

[Event "Campeonato de Aragon por Equipos 2025 - "]
[Site "?"]
[Date "2025.02.22"]
[Round "5.25"]
[White "Llorente Zaro, Alfonso"]
[Black "Lopez Caudevilla, David"]
[Result "1-0"]
[WhiteElo "2444"]
[BlackElo "2186"]
[PlyCount "55"]
[GameId "2148900719341964"]
[EventDate "2025.01.25"]
[WhiteTeam "Agrupacion"]
[BlackTeam "Actur Rey Fernando"]

1. b3 Nf6 2. Bb2 d6 3. d4 g6 4. g3 Bg7 5. Nf3 O-O 6. Bg2 c5 7. O-O Nc6 8. c4 Bg4 9. Nbd2 Qd7 10. d5 Nb4 11. a3 Na6 12. e4 Nc7 13. Re1 b5 14. e5 Nh5 15. h3 Bxh3 16. e6 Bxe6 17. Bxg7 Nxg7 18. dxe6 Ncxe6 19. Ne4 Rab8 20. Ne5 Qc7 21. Nc6 Rb6 22. cxb5 Rxb5 23. Nc3 Rb7 24. Nd5 Qd7 25. Qd2 Kh8 26. Ncxe7 Rfb8 27. Qh6 Nh5 28. g4 1-0

[Event "Campeonato de Aragon por Equipos 2025 - "]
[Site "?"]
[Date "2025.02.22"]
[Round "5.26"]
[White "Abos Rosico, Antonio"]
[Black "Remiro Juste, Fernando Jose"]
[Result "0-1"]
[WhiteElo "2049"]
[BlackElo "2208"]
[PlyCount "60"]
[GameId "2148900719378829"]
[EventDate "2025.01.25"]
[WhiteTeam "Actur Rey Fernando"]
[BlackTeam "Agrupacion"]

1. d4 g6 2. c4 Bg7 3. e4 d6 4. Nc3 c5 5. dxc5 Bxc3+ 6. bxc3 dxc5 7. Qxd8+ Kxd8 8. Nf3 Nc6 9. Bf4 Ke8 10. h3 h6 11. g4 Be6 12. Nd2 b6 13. O-O-O Nf6 14. e5 Nd7 15. Bg2 Rc8 16. Rhe1 g5 17. Bg3 Nf8 18. Bd5 Na5 19. Re3 h5 20. Ne4 hxg4 21. hxg4 Bxg4 22. Nxg5 Ne6 23. Bxe6 fxe6 24. f3 Bf5 25. Ne4 Rg8 26. Bh4 Nxc4 27. Re2 Nxe5 28. Bxe7 Kxe7 29. Nd6 Nd3+ 30. Rxd3 Bxd3 0-1

[Event "Campeonato de Aragon por Equipos 2025 - "]
[Site "?"]
[Date "2025.02.22"]
[Round "5.27"]
[White "Roque Sola, Gisela"]
[Black "Garcia Alvarez, Sergio"]
[Result "1-0"]
[WhiteElo "2084"]
[BlackElo "1879"]
[PlyCount "79"]
[GameId "2148900719419790"]
[EventDate "2025.01.25"]
[WhiteTeam "Agrupacion"]
[BlackTeam "Actur Rey Fernando"]

1. c4 e6 2. Nf3 d5 3. b3 Nf6 4. Bb2 Be7 5. g3 c5 6. cxd5 exd5 7. Bg2 Be6 8. O-O O-O 9. d4 Nbd7 10. Nc3 Rc8 11. dxc5 Nxc5 12. Nd4 Qd7 13. Nxe6 fxe6 14. Qd4 Bd6 15. Rac1 e5 16. Bxd5+ Nxd5 17. Qxd5+ Qe6 18. Rfd1 Bb8 19. Ba3 Qxd5 20. Nxd5 Bd6 21. Ne3 Be7 22. Rd5 b6 23. Rxe5 Nd3 24. Rxc8 Nxe5 25. Rxf8+ Kxf8 26. Bxe7+ Kxe7 27. f4 Nc6 28. Nf5+ Kf6 29. e4 a5 30. Ne3 b5 31. Nc2 g5 32. Kf2 h5 33. Ke3 h4 34. e5+ Ke7 35. Ke4 hxg3 36. hxg3 gxf4 37. gxf4 a4 38. b4 a3 39. Kd5 Kd7 40. Kc5 1-0

[Event "Campeonato de Aragon por Equipos 2025 - "]
[Site "?"]
[Date "2025.02.22"]
[Round "5.28"]
[White "Bernad Bellon, Jose Maria"]
[Black "Barros Gutierrez, Angel Luis"]
[Result "0-1"]
[WhiteElo "1857"]
[BlackElo "1970"]
[PlyCount "44"]
[GameId "2148900719468943"]
[EventDate "2025.01.25"]
[WhiteTeam "Actur Rey Fernando"]
[BlackTeam "Agrupacion"]

1. e4 c5 2. Nf3 Nc6 3. g3 Nf6 4. d3 d5 5. e5 Ng4 6. Qe2 f6 7. exf6 gxf6 8. Bg2 e5 9. h3 Nh6 10. Nc3 Nf7 11. Nh4 Be6 12. f4 d4 13. Ne4 f5 14. Ng5 Nxg5 15. fxg5 Bg7 16. O-O Qd7 17. g6 O-O-O 18. Qh5 hxg6 19. Qxg6 Rdf8 20. Bd2 Rf7 21. Rae1 Ne7 22. Qg5 Bf6 0-1

[Event "Campeonato de Aragon por Equipos 2025 - "]
[Site "?"]
[Date "2025.02.22"]
[Round "5.29"]
[White "Villuendas Valero, Adrian"]
[Black "Ramo Frontinan, Cristobal"]
[Result "1-0"]
[WhiteElo "2240"]
[BlackElo "2293"]
[PlyCount "95"]
[GameId "2148900719567248"]
[EventDate "2025.01.25"]
[WhiteTeam "Aulazenter"]
[BlackTeam "Maristas"]

1. d4 d5 2. c4 c6 3. Nf3 Nf6 4. Nc3 g6 5. e3 Bg7 6. Be2 O-O 7. O-O Bg4 8. cxd5 cxd5 9. Qb3 b6 10. Bd2 Nc6 11. Rfc1 Na5 12. Qd1 Bxf3 13. gxf3 e6 14. Nb5 Ne8 15. Bb4 a6 16. Bxf8 Bxf8 17. Nc3 Bd6 18. Qf1 Qh4 19. Qg2 b5 20. Rc2 Nc6 21. Rac1 Ne7 22. f4 Qf6 23. Nb1 Qg7 24. Nd2 Kf8 25. Nf3 f6 26. Bd3 Qf7 27. Kh1 Ng7 28. Nd2 Qe8 29. Nb3 Kf7 30. Qh3 Qg8 31. Nc5 Ra7 32. Nb3 Ra8 33. Na5 Nh5 34. Nc6 f5 35. Nxe7 Kxe7 36. Qh4+ Nf6 37. Rc6 Qf8 38. f3 Kd7 39. Rxa6 Rxa6 40. Bxb5+ Ke7 41. Bxa6 Qa8 42. Bd3 Qxa2 43. Qf2 Qb3 44. Qc2 Qb4 45. Ra1 Qb6 46. Ra8 Ne8 47. Qc8 Nf6 48. Qf8+ 1-0

[Event "Campeonato de Aragon por Equipos 2025 - "]
[Site "?"]
[Date "2025.02.22"]
[Round "5.30"]
[White "Naya Sancho, Jose Ignacio"]
[Black "Asensio Asensio, Nicolas"]
[Result "0-1"]
[WhiteElo "2076"]
[BlackElo "2178"]
[PlyCount "56"]
[GameId "2148900719628689"]
[EventDate "2025.01.25"]
[WhiteTeam "Maristas"]
[BlackTeam "Aulazenter"]

1. e4 c6 2. Nc3 d5 3. d4 dxe4 4. Nxe4 Nf6 5. Nxf6+ exf6 6. c3 Bd6 7. Bd3 O-O 8. Ne2 Re8 9. Qc2 h5 10. Bd2 Nd7 11. O-O-O Nf8 12. Rde1 Qc7 13. Ng3 Rxe1+ 14. Rxe1 h4 15. Nf5 Bxf5 16. Bxf5 g6 17. Bh3 f5 18. g3 c5 19. dxc5 Bxc5 20. Bf4 Qb6 21. Re2 Qc6 22. f3 Ne6 23. Be3 hxg3 24. Bxc5 Qxc5 25. hxg3 Qg1+ 26. Qd1 Qxg3 27. Qh1 Kg7 28. Qg2 Nf4 0-1

[Event "Campeonato de Aragon por Equipos 2025 - "]
[Site "?"]
[Date "2025.02.22"]
[Round "5.31"]
[White "Miranda Herrera, Jorge Manuel"]
[Black "Campo Millan, Diego"]
[Result "1-0"]
[WhiteElo "2101"]
[BlackElo "2060"]
[PlyCount "59"]
[GameId "2148900719669650"]
[EventDate "2025.01.25"]
[WhiteTeam "Aulazenter"]
[BlackTeam "Maristas"]

1. e4 c5 2. Nc3 e6 3. Nf3 a6 4. d4 cxd4 5. Nxd4 Qc7 6. Bd3 Bc5 7. Nb3 Be7 8. Qg4 g6 9. Bg5 Nc6 10. Bxe7 Ngxe7 11. O-O-O b5 12. Bxb5 axb5 13. Nxb5 Qe5 14. Nd6+ Kf8 15. f4 h5 16. Qf3 Qg7 17. Kb1 f5 18. e5 g5 19. g3 gxf4 20. gxf4 Qg4 21. Qf2 h4 22. Rhg1 Qh5 23. Nc5 Rg8 24. Rxg8+ Kxg8 25. Rg1+ Kh8 26. Qg2 Qh7 27. Qg5 Ng8 28. Ne8 Nce7 29. Nf6 Qh6 30. Qxg8+ 1-0

[Event "Campeonato de Aragon por Equipos 2025 - "]
[Site "?"]
[Date "2025.02.22"]
[Round "5.32"]
[White "Mccarthy, Jai"]
[Black "Ania Puertolas, Javier"]
[Result "1-0"]
[WhiteElo "1847"]
[BlackElo "1764"]
[PlyCount "47"]
[GameId "2148900719714707"]
[EventDate "2025.01.25"]
[WhiteTeam "Maristas"]
[BlackTeam "Aulazenter"]

1. c4 f5 2. g3 Nf6 3. Bg2 d6 4. Nc3 g6 5. d3 Bg7 6. e4 c6 7. Nge2 O-O 8. O-O e5 9. h3 Be6 10. exf5 gxf5 11. f4 Nbd7 12. Be3 Kh8 13. Qd2 Rg8 14. Rae1 Nh5 15. b3 Qa5 16. Kh2 Nxg3 17. Nxg3 exf4 18. Rxf4 Qxc3 19. Qxc3 Bxc3 20. Bd4+ Bxd4 21. Rxd4 Nb6 22. Rxe6 f4 23. Rxf4 d5 24. Rf7 1-0

[Event "Campeonato de Aragon por Equipos 2025 - "]
[Site "?"]
[Date "2025.02.22"]
[Round "5.33"]
[White "Ramon Perez, Jose Luis"]
[Black "Ferreruela Romero, Jose Joaquin"]
[Result "1-0"]
[WhiteElo "2120"]
[BlackElo "1972"]
[PlyCount "99"]
[GameId "2148900719763860"]
[EventDate "2025.01.25"]
[WhiteTeam "Fraga"]
[BlackTeam "San Jose"]

1. e4 c5 2. Nc3 a6 3. g3 b5 4. Bg2 Bb7 5. Nge2 e6 6. d4 b4 7. Na4 cxd4 8. Qxd4 Nc6 9. Qb6 Qxb6 10. Nxb6 Rb8 11. Bf4 e5 12. Be3 Nf6 13. h3 Be7 14. g4 h6 15. O-O-O Na5 16. Ng3 g6 17. h4 Bc6 18. f3 Bd8 19. Nd5 Bxd5 20. exd5 Nc4 21. Rhe1 Nxe3 22. Rxe3 d6 23. Rb3 Nd7 24. a3 a5 25. axb4 axb4 26. c3 bxc3 27. Rxb8 Nxb8 28. h5 cxb2+ 29. Kxb2 Bb6 30. Bf1 Ke7 31. Bd3 Bd4+ 32. Kc2 Rc8+ 33. Kd2 Kf6 34. Ne4+ Kg7 35. Rb1 Bc5 36. hxg6 Nd7 37. Rb7 Rd8 38. Ng3 e4 39. Bxe4 fxg6 40. f4 Kf6 41. Bc2 Bg1 42. Ne4+ Ke7 43. Ba4 h5 44. g5 Bd4 45. Nf6 Bxf6 46. gxf6+ Kxf6 47. Rxd7 Rxd7 48. Bxd7 g5 49. fxg5+ Kxg5 50. Ke3 1-0

[Event "Campeonato de Aragon por Equipos 2025 - "]
[Site "?"]
[Date "2025.02.22"]
[Round "5.34"]
[White "Palomar Ramon, Santiago"]
[Black "Vallverdu Miret, Oscar"]
[Result "0-1"]
[WhiteElo "1943"]
[BlackElo "2028"]
[PlyCount "69"]
[GameId "2148900719808917"]
[EventDate "2025.01.25"]
[WhiteTeam "San Jose"]
[BlackTeam "Fraga"]

1. e4 Nf6 2. Nc3 d5 3. e5 Nfd7 4. e6 fxe6 5. d4 c5 6. dxc5 Nc6 7. Bd3 Nf6 8. Bg5 g6 9. Nge2 Bg7 10. h4 Qa5 11. Qd2 Bd7 12. h5 Nxh5 13. g4 Nf6 14. Bh6 Bxh6 15. Rxh6 O-O-O 16. g5 Ng4 17. Rh4 Nce5 18. Ng1 Qxc5 19. O-O-O Qxf2 20. Qxf2 Nxf2 21. Rd2 Nfxd3+ 22. cxd3 Rdf8 23. Kc2 Rf1 24. Rg2 Bc6 25. Rg3 Kd7 26. Rh2 Rf5 27. Nge2 Nf3 28. Rh1 Nxg5 29. Nd4 Rf2+ 30. Kb3 Nf7 31. Nd1 Rf4 32. Nxc6 bxc6 33. Ne3 c5 34. Rgh3 h6 35. Rg3 0-1